| 000 | 01944nam a2200373 4500 | ||
|---|---|---|---|
| 003 | EC-UNACH | ||
| 005 | 20250512161519.0 | ||
| 006 | s||||gr|||| 00| 00 | ||
| 008 | 150116t9999 mx r gr 000 0 spa d | ||
| 020 | _a10121498 | ||
| 040 |
_aEC-UNACH _cEC-UNACH |
||
| 041 | _aspa | ||
| 082 | 0 | 4 |
_223 _a300 _bL017723 |
| 110 | _aCentro Andino de Acción Popular (CAAP) | ||
| 245 | _aEcuador Debate N°66. Espacios, Territorios y Religión | ||
| 250 | _aPrimera edición | ||
| 264 |
_aQuito - Ecuador _bCAAP _c2005 |
||
| 300 |
_a240 _bCuadros, Tablas _c14,5 X 21 cm |
||
| 505 | _aCoyuntura.- La Constituyente: Entre Hermes, Cronos y Pandora: El Ecuador en sus limites. La huella ecológica de la dolarización. Conflictividad socio-política: julio - octubre 2005. -- Tema Central.- Ensayo en torno a las regiones de Ecuador. Herencias y reestructuraciones territoriales. La persistencia de lo regional. Hacia el desarrollo descentralizado local y regional. Democracia y territorio en España. Rasgos y retos del Gobierno multinivel español. -- Debate Agrario-Rural.- Niños, guaguas y guambras: representaciones en la comunidad de Pitaná Alto. – Análisis.- Movimiento indígena, participación política y buen gobierno municipal en Ecuador: El Alcalde Mario Conejo de Otavalo. El proyecto chavista: entre el viejo y el nuevo populismo. Escolarización de niños inmigrantes y propuestas de los partidos. Murcia 2003. | ||
| 650 | _aREGIONES DEL ECUADOR | ||
| 650 | _aLA CONSTITUYENTE | ||
| 650 | _aCOMUNIDAD DE PITANÁ | ||
| 650 | _aESCOLARIZACIÓN | ||
| 650 | _aMURCIA 2003 | ||
| 700 | _aBustamante, Fernando | ||
| 700 | _aParedez Ramírez, Willington | ||
| 700 | _aGonzales de Olarde, Efraín | ||
| 700 | _aMoscoso, María Fernanda | ||
| 942 |
_2ddc _c1 |
||
| 999 | _c13500 | ||